| 000 | 00488cam a22001575a 4500 | ||
|---|---|---|---|
| 001 | J100778 | ||
| 008 | 000000s1919 xxk 000 0 eng u | ||
| 035 | _a(Sirsi) u100778 | ||
| 110 |
_aSurveyors' Institution _93783 |
||
| 245 | _aFinance (1909-1910) Act 1910. Report of a sub-committee of the Lancashire and Cheshire branch of the Surveyors' Insitution. October 1919. | ||
| 260 | _c1919 | ||
| 300 | _a8p. | ||
| 651 | 4 |
_aUnited Kingdom _y |
|
| 690 | _aFinance and taxation | ||
| 942 | _n0 | ||
| 999 |
_c99824 _d99824 |
||